00982nam a22002657a 45000010005000000030006000050050017000110080041000280200015000690400029000840500017001130820017001301000019001472450076001662500044002422600037002863000064003235050008003875200194003955210023005895210020006126500030006326500027006627000027006897479FISKH20250718145858.0250718b cb ||||| |||| 00| 0 eng d a0590808052 aFISKHbengcFISKHdFISKH aPZ7.M71284 B a940.83170973 aMochizuki, Ken aBaseball saved us / cWritten by Ken Mochizuki : Illustrated by Dom Lee aFirst Scholastic printing, January 1996 aNew York : bScholastic, c1993. a32 unnumbered pages : bcolor illustrations ;c21 x26 cm .  aM  aA Japanese American boy learns to play baseball when he and his family are forced to live in an internment camp during World War II, and his ability to play helps him after the war is over.8 a550 bLexile AD 8 aM bRaz-Plus  aInternment campsvFiction aMulticulturalvFiction aLee, DomeIllustrator